| 000 | 00661nam a22002051a 4500 | ||
|---|---|---|---|
| 001 | 11347 | ||
| 003 | OSt | ||
| 005 | 20260204212239.0 | ||
| 008 | 120807s2001||||mx ||||||b||||||||||spa|| | ||
| 020 | _a9702601940 | ||
| 050 | _a658.4092 G573c | ||
| 100 | _aGoldsmith, Marshall | ||
| 245 | _aCoaching: la ultima palabra en desarrollo de liderazgo / Marshall Goldsmith, Laurence Lyonis y Alyssa Frias | ||
| 264 | _aMéxico: Pearson Educación | ||
| 300 | _a392 p | ||
| 490 | _aAlla negocios | ||
| 500 | _aIncluye indice y bibliografía | ||
| 650 | _aLiderazco Ejecutivo 2.Liderazgo Estratégico 3.Administración Estrátegico 4.CoachingÌ | ||
| 942 |
_2ddc _cBK |
||
| 999 |
_c11347 _d11347 |
||